ALL Jurassic Park Dinosaurs - Statistics

General Stats
  • This quiz has been taken 8,638 times
    5,712 since last reset
  • The average score is 54 of 90
Answer Stats
Hint Answer % Correct
Jurassic Park Tyrannosaurus Rex
99%
The Lost World Tyrannosaurus Rex
99%
Jurassic Park 3 Tyrannosaurus Rex
99%
Jurassic World Tyrannosaurus Rex
99%
Fallen Kingdom Tyrannosaurus Rex
99%
Dominion Tyrannosaurus Rex
99%
Jurassic Park Velociraptor
97%
The Lost World Velociraptor
97%
Jurassic Park 3 Velociraptor
97%
Jurassic World Velociraptor
97%
Fallen Kingdom Velociraptor
97%
Dominion Velociraptor
97%
Jurassic Park Triceratops
89%
The Lost World Triceratops
89%
Jurassic Park 3 Triceratops
89%
Jurassic World Triceratops
89%
Fallen Kingdom Triceratops
89%
Dominion Triceratops
89%
Jurassic Park Brachiosaurus
80%
Jurassic Park 3 Brachiosaurus
80%
Fallen Kingdom Brachiosaurus
80%
Dominion Brachiosaurus
80%
Jurassic Park 3 Spinosaurus
80%
The Lost World Stegosaurus
79%
Jurassic Park 3 Stegosaurus
79%
Jurassic World Stegosaurus
79%
Fallen Kingdom Stegosaurus
79%
Dominion Stegosaurus
79%
Jurassic World Indominus Rex
73%
Jurassic Park Dilophosaurus
68%
Dominion Dilophosaurus
68%
Fallen Kingdom Indoraptor
65%
Jurassic Park 3 Ankylosaurus
63%
Jurassic World Ankylosaurus
63%
Fallen Kingdom Ankylosaurus
63%
Dominion Ankylosaurus
63%
Jurassic World Mosasaurus
62%
Fallen Kingdom Mosasaurus
62%
Dominion Mosasaurus
62%
The Lost World Compsognathus
57%
Jurassic Park 3 Compsognathus
57%
Fallen Kingdom Compsognathus
57%
Dominion Compsognathus
57%
Jurassic Park Parasaurolophus
56%
The Lost World Parasaurolophus
56%
Jurassic Park 3 Parasaurolophus
56%
Jurassic World Parasaurolophus
56%
Fallen Kingdom Parasaurolophus
56%
Dominion Parasaurolophus
56%
The Lost World Pteranodon
56%
Jurassic Park 3 Pteranodon
56%
Jurassic World Pteranodon
56%
Fallen Kingdom Pteranodon
56%
Dominion Pteranodon
56%
Jurassic Park Gallimimus
55%
The Lost World Gallimimus
55%
Jurassic World Gallimimus
55%
Fallen Kingdom Gallimimus
55%
Dominion Gallimimus
55%
Dominion Giganotosaurus
54%
Fallen Kingdom Allosaurus
53%
Dominion Allosaurus
53%
Fallen Kingdom Carnotaurus
51%
Dominion Carnotaurus
51%
The Lost World Pachycephalosaurus
51%
Jurassic World Apatosaurus
46%
Fallen Kingdom Apatosaurus
46%
Dominion Apatosaurus
46%
Fallen Kingdom Baryonyx
41%
Dominion Baryonyx
41%
Jurassic World Dimorphodon
37%
Dominion Dimorphodon
37%
Dominion Therizinosaurus
37%
Dominion Quetzalcoatlus
35%
Jurassic Park 3 Ceratosaurus
34%
Dominion Pyroraptor
31%
Dominion Atrociraptor
28%
Dominion Dimetrodon
27%
Dominion Iguanodon
26%
Fallen Kingdom Stygimoloch
25%
Dominion Stygimoloch
25%
Fallen Kingdom Sinoceratops
24%
Dominion Sinoceratops
24%
Jurassic Park 3 Corythosaurus
23%
The Lost World Mamenchisaurus
20%
Dominion Dreadnoughtus
17%
Dominion Lystrosaurus
15%
Dominion Nasutoceratops
15%
Dominion Moros Intrepidus
13%
Dominion Microceratus
9%
No matching quizzes found
Score Distribution
Percent of People with Each Score
Percentile by Number Answered
Your Score History
You have not taken this quiz since the last reset